[Event "Mistrzostwa Polski Juniorow do lat 18 - Dziewczeta"]
[Site "Jastrzebia Gora"]
[Date "1899-12-30"]
[Round "5.5"]
[White "Bialek, Alicja"]
[Black "Nowak, Roksana"]
[Result "0-1"]
[WhiteTitle "I"]
[BlackTitle "I++"]
[WhiteElo "1576"]
[BlackElo "1816"]

1. e4 c5 2. Nf3 d6 3. d4 cxd4 4. Nxd4 Nf6 5. Nc3 a6 6. Nb3 g6 7. Be2 Bg7 8. O-O
O-O 9. Re1 Nbd7 10. Bg5 b5 11. a4 b4 12. Nd5 Nxd5 13. exd5 Bxb2 14. Bf3 Ne5 15.
Rb1 Bc3 16. Nd2 Bd7 17. Re2 Bf5 18. Be4 Bd7 19. a5 f6 20. Bh6 Re8 21. Nb3 Ba4
22. Bd2 Bxb3 23. Bxc3 bxc3 24. Rxb3 f5 25. Bf3 Qxa5 26. Re3 Rec8 27. Be2 Rc7 28.
Qe1 Rac8 29. h3 f4 30. Re4 Qxd5 31. Bxa6 Ra8 32. Bf1 Ra2 33. Qb1 Qxe4 34. Rb8+
Kg7 35. Qxa2 Nf7 36. Qa5 Qc6 37. Bb5 Qc5 38. Qa8 Ra7 39. Rg8+ Kf6 40. Qe8 Ra1+
41. Bf1 Qc4 42. Rf8 Qxf1+ 43. Kh2 Qg1# 0-1

[Event "Mistrzostwa Polski Juniorow do lat 18 - Dziewczeta"]
[Site "Jastrzebia Gora"]
[Date "1899-12-30"]
[Round "5.19"]
[White "Pietruszka, Julia"]
[Black "Sivickis, Kornelia"]
[Result "1/2-1/2"]
[WhiteTitle "II"]
[BlackTitle "I"]
[WhiteElo "1151"]
[BlackElo "1328"]

1. e4 c5 2. f4 d5 3. d3 e6 4. Nf3 dxe4 5. dxe4 Qxd1+ 6. Kxd1 Nf6 7. Bd3 Be7 8.
h3 h5 9. c3 a6 10. Kc2 Nc6 11. a4 Bd7 12. Nbd2 Na5 13. Re1 O-O 14. f5 Rfe8 15.
Ne5 exf5 16. Nxd7 Nxd7 17. exf5 Bh4 18. Rxe8+ Rxe8 19. Nf3 Bf6 20. Bg5 c4 21.
Bf1 Bxg5 22. Nxg5 Nc5 23. Rd1 f6 24. Rd5 b6 25. Ne6 Nxe6 26. fxe6 Rxe6 27. Rxa5
bxa5 28. Bxc4 Kf7 29. Bxe6+ Kxe6 30. Kd3 Kd5 31. b3 g6 32. Ke3 Ke5 33. b4 axb4
34. cxb4 Kd5 35. b5 Ke5 36. Ke4+ 1/2-1/2

[Event "Mistrzostwa Polski Juniorow do lat 18 - Dziewczeta"]
[Site "Jastrzebia Gora"]
[Date "1899-12-30"]
[Round "6.1"]
[White "Hertlein, Irena"]
[Black "Goraj, Barbara"]
[Result "0-1"]
[WhiteTitle "k"]
[BlackTitle "WCM"]
[WhiteElo "1994"]
[BlackElo "2130"]

1. d4 d5 2. Nf3 Nf6 3. e3 c5 4. b3 e6 5. Bd3 Be7 6. Nbd2 Nc6 7. Bb2 O-O 8. O-O
Nb4 9. Be2 b6 10. a3 Nc6 11. Bd3 Bb7 12. c4 Rc8 13. Rc1 Bd6 14. cxd5 exd5 15.
Ne5 Re8 16. f4 Qe7 17. Ra1 Na5 18. Qb1 a6 19. g4 c4 20. bxc4 dxc4 21. g5 cxd3
22. gxf6 gxf6 23. Qxd3 fxe5 24. fxe5 Qg5+ 25. Kf2 Qg2+ 26. Ke1 Be7 27. e4 Bh4+
28. Kd1 Bg5 29. Nf3 Qxb2 30. Nxg5 Qxa1+ 31. Ke2 Qb2+ 32. Ke3 Rc3 0-1

[Event "Mistrzostwa Polski Juniorow do lat 18 - Dziewczeta"]
[Site "Jastrzebia Gora"]
[Date "1899-12-30"]
[Round "6.2"]
[White "Starosta, Martyna"]
[Black "Kucharska, Helena"]
[Result "1-0"]
[WhiteTitle "WFM"]
[BlackTitle "I++"]
[WhiteElo "2138"]
[BlackElo "1779"]

1. d4 d5 2. c4 c6 3. Nc3 e6 4. e4 dxe4 5. Nxe4 Bb4+ 6. Bd2 Qxd4 7. Bxb4 Qxe4+ 8.
Be2 Nd7 9. Nf3 c5 10. Bc3 Ngf6 11. Qd6 Qc6 12. Qg3 Rg8 13. Ne5 Qe4 14. Nxd7 Nxd7
15. Kf1 f5 16. Re1 g6 17. Bd3 Qg4 18. Rxe6+ Kf7 19. Qd6 Re8 20. Rf6+ Kg8 21. Qd5+
Kg7 22. Qf7+ Kh6 23. Bd2+ 1-0

[Event "Mistrzostwa Polski Juniorow do lat 18 - Dziewczeta"]
[Site "Jastrzebia Gora"]
[Date "1899-12-30"]
[Round "6.3"]
[White "Zabrzanska, Weronika"]
[Black "Barwinska, Ewa"]
[Result "1-0"]
[WhiteTitle "WFM"]
[BlackTitle "WCM"]
[WhiteElo "2021"]
[BlackElo "1963"]

1. e4 c6 2. Nf3 d5 3. Nc3 Nf6 4. e5 Ne4 5. d4 Nxc3 6. bxc3 e6 7. Be2 c5 8. O-O
c4 9. Ng5 h6 10. Nh3 Nc6 11. f4 Qa5 12. Bd2 Bd7 13. g4 O-O-O 14. f5 exf5 15. gxf5
g6 16. Bg4 h5 17. Ng5 Nxe5 18. Bh3 f6 19. dxe5 fxg5 20. Bxg5 Bc5+ 21. Kh1 Rde8
22. Bg2 gxf5 23. Bxd5 Qc7 24. Bf6 Rhf8 25. Qf3 Kb8 26. Rab1 Bb6 27. Rb4 Be6 28.
Rd1 Bxd5 29. Qxd5 Rc8 30. Rf1 Ba5 31. Rb5 Bxc3 32. Rg1 Qc6 33. Rg7 Qxd5+ 34. Rxd5
Rc6 35. Rdd7 Rb6 36. Be7 Re8 37. Bd6+ Ka8 38. Rg3 Rb1+ 39. Kg2 Ba5 40. Ra3 Bb6
41. Rc3 Rg1+ 42. Kh3 Rg4 43. Rf7 Bd4 44. Rf3 a6 45. R7xf5 b5 46. Rf8 Rxf8 47.
Rxf8+ Kb7 48. e6 Kc6 49. e7 Re4 50. Bb4 a5 51. Ba3 b4 52. Bxb4 axb4 53. e8=Q+
Rxe8 54. Rxe8 Kd5 55. Kh4 Bf2+ 56. Kxh5 Kd4 57. Kg4 Kc3 58. Rc8 Be1 59. h4 Bd2
60. Kf3 Kxc2 61. Rxc4+ Kb2 62. Ke2 Bc3 63. Kd3 Be1 64. Rc2+ 1-0

[Event "Mistrzostwa Polski Juniorow do lat 18 - Dziewczeta"]
[Site "Jastrzebia Gora"]
[Date "1899-12-30"]
[Round "6.4"]
[White "Nowak, Roksana"]
[Black "Lukasik, Zuzanna"]
[Result "1-0"]
[WhiteTitle "I++"]
[BlackTitle "I++"]
[WhiteElo "1816"]
[BlackElo "1781"]

1. e4 c5 2. Nf3 Nc6 3. d4 cxd4 4. Nxd4 Nf6 5. Nc3 d6 6. Bg5 e6 7. Qd2 a6 8. O-O-O
Bd7 9. f4 Rc8 10. Nf3 Be7 11. Bxf6 Bxf6 12. Qxd6 Bxc3 13. bxc3 Qe7 14. Be2 Qxd6
15. Rxd6 Ke7 16. Rhd1 Rc7 17. Bc4 h6 18. g4 Rd8 19. Bb3 Be8 20. e5 Rcd7 21. Rxd7+
Bxd7 22. h3 Rc8 23. Nd2 Na5 24. Ne4 Rc7 25. Rd4 Bc6 26. Nd6 f6 27. Kd2 Bd7 28.
exf6+ Kxf6 29. Ne4+ Ke7 30. g5 Nc6 31. Rd3 hxg5 32. Nxg5 Nd8 33. Re3 Rc5 34. Ke2
Rf5 35. Kf3 Kf6 36. h4 Bc6+ 37. Kg4 Bd7 38. Kg3 g6 39. Nf3 Rc5 40. Rd3 Ke7 41.
Ng5 Rf5 42. Re3 Rc5 43. a4 Rf5 44. Nf3 Rf6 45. Ne5 Nc6 46. Nxc6+ Bxc6 47. Re5
Bd7 48. Kg4 Rf8 49. Bd5 b6 50. Bc4 Kf6 51. Bxa6 Bxa4 52. Bd3 Rc8 53. Rg5 Be8 54.
c4 Rc7 55. Re5 Rc8 56. Kg3 Rc7 57. Rg5 Rc8 58. Kf3 Rc7 59. Ke3 Rh7 60. Rg4 Rh5
61. Kd4 Bf7 62. Be2 Be8 63. Ke3 Bf7 64. Kf3 Ra5 65. Rg5 Ra3+ 66. Bd3 Ra1 67. Rb5
Ra6 68. c5 bxc5 69. Rxc5 Rd6 70. Ke4 Be8 71. Ra5 Bc6+ 72. Ke3 Rd8 73. h5 gxh5
74. Rxh5 Ke7 75. Rh6 Bd7 76. c4 Rc8 77. Kd4 Rc7 78. Be4 Rc8 79. Rh7+ Kd8 80. Rh8+
Kc7 81. Rxc8+ Bxc8 82. c5 Kd7 83. Ke5 Ke7 84. Bd3 Bd7 85. Bc4 Kf7 86. f5 Ke7 87.
Bxe6 Bc6 88. f6+ Kf8 89. Kd6 Be8 90. Bd7 Bg6 91. c6 1-0

[Event "Mistrzostwa Polski Juniorow do lat 18 - Dziewczeta"]
[Site "Jastrzebia Gora"]
[Date "1899-12-30"]
[Round "6.10"]
[White "Czerwinska, Oliwia"]
[Black "Bukala, Weronika"]
[Result "0-1"]
[WhiteTitle "I"]
[BlackTitle "k"]
[WhiteElo "1369"]
[BlackElo "1899"]

1. e4 c6 2. d4 d5 3. e5 Bf5 4. Nd2 e6 5. Nb3 Nd7 6. f4 h5 7. Nf3 Be7 8. c3 Nh6
9. Be2 Bg6 10. Be3 Rc8 11. O-O b6 12. Rc1 b5 13. a3 Nb6 14. Bf2 Nc4 15. Bxc4 bxc4
16. Nc5 Ng4 17. b4 cxb3 18. Qxb3 Qb6 19. Qxb6 axb6 20. Na4 Rb8 21. Ra1 O-O 22.
h3 Nxf2 23. Rxf2 c5 24. Rb2 Ra8 25. Nxb6 Ra7 26. a4 Rb8 27. a5 Bd3 28. Ne1 Be4
29. Rb5 cxd4 30. cxd4 Bd8 31. Rc1 Ra6 32. Rc6 Bh4 33. Kf1 Bg3 34. Ke2 Bxf4 35.
Nd3 Bxd3+ 36. Kxd3 Kh7 37. Rc8 Rb7 38. Rbc5 Rba7 39. R8c7 Rxa5 40. Rxa5 Rxc7 41.
Rc5 Bxe5 42. Nc8 Bg3 43. Rxc7 Bxc7 44. Ne7 Kh6 45. Ke3 f5 46. Kf3 h4 47. Nc6 g5
48. Nb4 Kh5 49. Nc2 g4+ 50. Kf2 Kg5 51. Ke3 Bb6 52. hxg4 fxg4 53. Ke2 Kf4 54.
Kf1 Ke4 55. g3 h3 56. Kg1 Bxd4+ 57. Kh2 Bc3 58. Na3 d4 59. Nb5 Bb4 60. Nxd4 Kxd4
0-1

[Event "Mistrzostwa Polski Juniorow do lat 18 - Dziewczeta"]
[Site "Jastrzebia Gora"]
[Date "1899-12-30"]
[Round "7.1"]
[White "Goraj, Barbara"]
[Black "Zabrzanska, Weronika"]
[Result "1/2-1/2"]
[WhiteTitle "WCM"]
[BlackTitle "WFM"]
[WhiteElo "2130"]
[BlackElo "2021"]

1. c4 e6 2. Nc3 d5 3. e3 Nf6 4. Nf3 Be7 5. b3 c5 6. cxd5 Nxd5 7. Bb2 O-O 8. Qb1
Nc6 9. h4 f5 10. Bd3 Ncb4 11. Be2 Bf6 12. Nxd5 Nxd5 13. Ne5 Bxh4 14. g3 Bf6 15.
f4 b6 16. Kf2 Bxe5 17. fxe5 h6 18. Bf3 Bb7 19. Rh4 Rb8 20. Qh1 Nf6 21. Bc3 Ng4+
22. Ke2 Ba6+ 23. Ke1 Qd3 24. Rc1 Rbd8 25. Qg1 Nxe5 26. Qf2 Nxf3+ 27. Qxf3 e5 28.
Kf2 b5 29. b4 Rc8 30. bxc5 Rxc5 31. Rch1 Rc7 32. Qh5 Bb7 33. Rg1 Qd5 34. a3 Rd8
35. Qe2 Qa2 36. Ba5 Rc2 37. Rd1 Rd5 38. Bb4 a5 39. Bxa5 Qxa3 40. Bb4 Qa2 41. Qh5
Rd8 42. Qxf5 Qd5 43. Ke1 Rc7 44. Qg6 Rf7 45. Rxh6 Qe4 46. Qxe4 Bxe4 47. Rh2 Bd3
48. Rf2 Ra7 49. Bc3 Rb7 50. Ra1 b4 51. Bxe5 Rb5 52. Bb2 b3 53. Rf4 g5 54. Rf6
Rc5 55. Kd1 Rc2 56. Rb1 Be4 57. Bd4 Ra2 58. Rc1 Bc2+ 59. Ke2 Rb8 60. Rh1 b2 61.
Rf2 Bh7 62. Bxb2 Rbxb2 63. Kf3 Rxd2 64. Rxd2 Rxd2 65. Rh5 Rd5 66. Kg4 Bf5+ 67.
Kxg5 Be4+ 68. Kh4 1/2-1/2

[Event "Mistrzostwa Polski Juniorow do lat 18 - Dziewczeta"]
[Site "Jastrzebia Gora"]
[Date "1899-12-30"]
[Round "7.2"]
[White "Starosta, Martyna"]
[Black "Hertlein, Irena"]
[Result "1/2-1/2"]
[WhiteTitle "WFM"]
[BlackTitle "k"]
[WhiteElo "2138"]
[BlackElo "1994"]

1. d4 d5 2. c4 e6 3. Nc3 c5 4. cxd5 exd5 5. Nf3 Nc6 6. dxc5 d4 7. Na4 Bxc5 8. Nxc5
Qa5+ 9. Bd2 Qxc5 10. Rc1 Qb6 11. e3 dxe3 12. Bxe3 Qa5+ 13. Bd2 Qh5 14. Bc3 Qg4
15. Bd3 Nge7 16. h3 Qh5 17. O-O O-O 18. Re1 Be6 19. b4 a6 20. Bd2 Rfd8 21. Qe2
Nd4 22. Nxd4 Qxe2 23. Bxe2 Rxd4 24. Be3 Rd7 25. a3 Nd5 26. Bd2 h6 27. Bf3 Rad8
28. Be3 Nxe3 29. Rxe3 g6 30. Rec3 Bd5 31. Bxd5 Rxd5 32. Kf1 1/2-1/2

[Event "Mistrzostwa Polski Juniorow do lat 18 - Dziewczeta"]
[Site "Jastrzebia Gora"]
[Date "1899-12-30"]
[Round "7.3"]
[White "Kucharska, Helena"]
[Black "Nowak, Roksana"]
[Result "1-0"]
[WhiteTitle "I++"]
[BlackTitle "I++"]
[WhiteElo "1779"]
[BlackElo "1816"]

1. e4 c5 2. Nf3 d6 3. Bb5+ Nd7 4. d4 cxd4 5. Qxd4 Ngf6 6. O-O a6 7. Bxd7+ Bxd7
8. Bg5 e6 9. Nbd2 e5 10. Qd3 h6 11. Bxf6 Qxf6 12. a4 Rd8 13. Nc4 Be6 14. Nb6 Be7
15. Rfd1 O-O 16. Nd5 Bxd5 17. Qxd5 Rb8 18. c4 Rfc8 19. b4 b6 20. Nd2 Bf8 21. Nf1
a5 22. b5 g6 23. Ne3 Be7 24. Qd3 Qg5 25. Nd5 Bd8 26. Ra3 Rb7 27. Qe2 h5 28. Rg3
Qh6 29. Ne3 Bh4 30. Nf5 Qf4 31. Rf3 Qg5 32. Nxd6 Rcc7 33. Nxb7 Rxb7 34. c5 bxc5
35. Qc4 Qe7 36. Rd5 Rc7 37. Rc3 Rd7 38. Qxc5 Rxd5 39. exd5 Qf6 40. Rf3 Qg5 41.
d6 Qd2 42. g3 Bg5 43. Qxe5 f5 44. h4 Qd1+ 45. Kg2 1-0

[Event "Mistrzostwa Polski Juniorow do lat 18 - Dziewczeta"]
[Site "Jastrzebia Gora"]
[Date "1899-12-30"]
[Round "7.5"]
[White "Barwinska, Ewa"]
[Black "Jedrzejko, Martyna"]
[Result "1/2-1/2"]
[WhiteTitle "WCM"]
[BlackTitle "I+"]
[WhiteElo "1963"]
[BlackElo "1629"]

1. e4 e5 2. Nf3 Nf6 3. Nxe5 d6 4. Nf3 Nxe4 5. Nc3 Nxc3 6. dxc3 Be7 7. Bf4 Nc6 8.
Bd3 Be6 9. Qd2 Qd7 10. O-O-O O-O-O 11. Bb5 a6 12. Ba4 Bf6 13. Kb1 h6 14. Nd4 Bd5
15. f3 Rde8 16. Nb3 Bc4 17. Nc5 Qf5 18. Bxc6 bxc6 19. Ne4 Be5 20. Bxe5 Rxe5 21.
Ng3 Qg6 22. f4 Ree8 23. Qd4 Bd5 24. f5 Qg5 25. Rhg1 f6 26. c4 Bf7 27. Rd3 c5 28.
Qc3 Qf4 29. b3 Qf2 30. Rdd1 h5 31. Rdf1 Qe3 32. Qa5 Kb7 33. Re1 Qd4 34. Rd1 Qf2
35. Rdf1 Qd4 36. Rd1 Qf2 37. Rdf1 1/2-1/2

[Event "Mistrzostwa Polski Juniorow do lat 18 - Dziewczeta"]
[Site "Jastrzebia Gora"]
[Date "1899-12-30"]
[Round "7.6"]
[White "Bukala, Weronika"]
[Black "Labedz, Gabriela"]
[Result "1-0"]
[WhiteTitle "k"]
[BlackTitle "I"]
[WhiteElo "1899"]
[BlackElo "1425"]

1. e4 c5 2. Nf3 a6 3. c3 d5 4. exd5 Qxd5 5. d4 e6 6. Be3 cxd4 7. cxd4 Nf6 8. Nc3
Qd8 9. Bd3 Nc6 10. O-O Bd6 11. Bg5 Be7 12. a3 O-O 13. Bc2 h6 14. Be3 Nd5 15. Qd3
f5 16. Nxd5 Qxd5 17. Bb3 Qd6 18. Rfe1 Kh8 19. Bd2 Bf6 20. Qe3 Bxd4 21. Nxd4 Qxd4
22. Bc3 Qxe3 23. Rxe3 Re8 24. Rd1 e5 25. f4 e4 26. Rd6 Kh7 27. Rg3 Re7 28. Rdg6
exf3 1-0

[Event "Mistrzostwa Polski Juniorow do lat 18 - Dziewczeta"]
[Site "Jastrzebia Gora"]
[Date "1899-12-30"]
[Round "7.18"]
[White "Sivickis, Kornelia"]
[Black "Lopusiewicz, Marta"]
[Result "1/2-1/2"]
[WhiteTitle "I"]
[BlackTitle "II"]
[WhiteElo "1328"]
[BlackElo "1180"]

1. Nf3 d5 2. c4 e6 3. e3 Nf6 4. Nc3 Be7 5. Be2 Nbd7 6. d4 c6 7. a3 a5 8. Qc2 b6
9. Bd2 Bb7 10. O-O O-O 11. e4 dxe4 12. Nxe4 c5 13. Ng3 Qc7 14. Rfe1 cxd4 15. Nxd4
Ba6 16. Rac1 Rac8 17. a4 Bc5 18. Nb3 Bb7 19. Bg5 h6 20. Bxf6 Nxf6 21. Nxc5 Qxc5
22. Qc3 Rfd8 23. Bf3 Bxf3 24. Qxf3 Qc6 25. Qxc6 Rxc6 26. b3 Rd3 27. Rb1 Nd7 28.
Ne4 f5 29. Ng3 Nc5 30. b4 Nxa4 31. bxa5 bxa5 32. Rb5 Rxc4 33. Rxa5 Rd6 34. h3
Nc5 35. Ra8+ Kf7 36. Rc8 Nd3 37. Rxc4 Nxe1 38. Rc1 Nd3 39. Rd1 Rd5 40. Kf1 Nf4
41. Rxd5 Nxd5 42. Ne2 Kf6 43. g3 g5 44. Ke1 e5 45. Nc1 h5 46. Nd3 f4 47. Nc5 Kf5
48. Ke2 fxg3 49. fxg3 e4 50. Kf2 Nf6 51. Ke3 g4 52. h4 Ke5 53. Nb3 Nd5+ 54. Ke2
Nb4 55. Kd2 Nd3 56. Ke3 Kf5 57. Nd2 1/2-1/2

[Event "Mistrzostwa Polski Juniorow do lat 18 - Dziewczeta"]
[Site "Jastrzebia Gora"]
[Date "1899-12-30"]
[Round "8.1"]
[White "Skolska, Emilia"]
[Black "Goraj, Barbara"]
[Result "1/2-1/2"]
[WhiteTitle "I++"]
[BlackTitle "WCM"]
[WhiteElo "1586"]
[BlackElo "2130"]

1. e4 c5 2. Nc3 Nc6 3. f4 g6 4. Nf3 Bg7 5. Bb5 Nd4 6. O-O Nxb5 7. Nxb5 d5 8. exd5
a6 9. Nc3 Nf6 10. d4 Nxd5 11. dxc5 Nxc3 12. Qxd8+ Kxd8 13. bxc3 Bxc3 14. Rb1 Kc7
15. Rb3 Bf6 16. Bd2 a5 17. Rfb1 Ra7 18. Rb5 Bd7 19. Rb6 Bc6 20. Ne5 Bxe5 21. fxe5
Kd7 22. Bc3 Ke6 23. Bd4 Rd8 24. c3 h5 25. g3 f5 26. exf6 exf6 27. Rf1 f5 28. Re1+
Kf7 29. Re5 Raa8 30. Rb2 Re8 31. Rbe2 Rxe5 32. Rxe5 Be4 33. h4 a4 34. a3 Ra5 35.
c6 Rxe5 36. Bxe5 bxc6 37. Bd6 Ke6 38. Bb4 Kd5 39. Ba5 Kc4 40. Kf2 Kd3 41. Bb4
Bh1 42. Kg1 Bd5 43. Kf2 Kc4 44. Ba5 Kb5 45. Bc7 Kc4 46. Ba5 c5 47. Bb6 Kxc3 48.
Bxc5 Kd3 49. Bd6 Be4 1/2-1/2

[Event "Mistrzostwa Polski Juniorow do lat 18 - Dziewczeta"]
[Site "Jastrzebia Gora"]
[Date "1899-12-30"]
[Round "8.2"]
[White "Zabrzanska, Weronika"]
[Black "Starosta, Martyna"]
[Result "0-1"]
[WhiteTitle "WFM"]
[BlackTitle "WFM"]
[WhiteElo "2021"]
[BlackElo "2138"]

1. e4 c6 2. Nf3 d5 3. Nc3 Bg4 4. Be2 e6 5. d4 Nd7 6. h3 Bxf3 7. Bxf3 dxe4 8. Nxe4
Ngf6 9. O-O Nxe4 10. Bxe4 Nf6 11. Bf3 Bd6 12. c4 Bc7 13. Bg5 Qd6 14. g3 Rd8 15.
Bf4 Qd7 16. Bxc7 Qxc7 17. Qd3 O-O 18. Qc3 Rd6 19. Rad1 Rfd8 20. Rd2 Kf8 21. Rfd1
Ng8 22. Qa3 a6 23. Rd3 Ne7 24. Be4 Kg8 25. b4 Ng6 26. Qc3 Qe7 27. a3 R6d7 28.
Bg2 Qf6 29. R1d2 Ne7 30. Be4 Nf5 31. Bxf5 Qxf5 32. g4 Qg5 33. Qc2 h5 34. Qd1 hxg4
35. Qxg4 Qf6 36. Rf3 Rxd4 37. Rf4 Qxf4 38. Qxf4 Rxd2 39. Qc7 R2d7 40. Qb6 Rd1+
41. Kg2 R8d7 42. Qa7 Kf8 43. Qb8+ Ke7 44. Qh8 Kf6 45. Qc8 R1d3 46. Kh2 e5 47.
Kg2 e4 48. a4 Rd2 49. Qb8 R2d4 50. Qc8 Kg6 51. Qe8 Kh7 52. a5 g6 53. h4 Kg7 54.
Kg3 Rd3+ 55. Kg2 f5 56. Qe6 Rf7 57. Qe5+ Kh7 58. Qe6 Rdd7 59. Qe5 Rde7 60. Qf4
e3 61. fxe3 Re4 62. Qf1 Rxe3 63. Qf4 Re4 64. Qf3 Rxc4 65. h5 Rg4+ 66. Kh3 Rg5
67. Qf4 Rxh5+ 68. Kg2 g5 69. Qc4 Kg7 70. Qd4+ Kh7 71. Qc4 Rg7 72. Qe6 g4 73. Qf6
g3 74. Qe5 Rhg5 75. Qf6 Rh5 76. Qe6 Rh2+ 77. Kg1 Rf2 78. Qf6 f4 79. Qf5+ Rg6 80.
Qf7+ Kh6 81. Qf8+ Kg5 82. Qe7+ Rf6 83. Qe5+ Kg6 84. Qe4+ Kf7 85. Qh7+ Ke6 86.
Qg8+ Ke5 87. Qe8+ Re6 88. Qh5+ Ke4 89. Qh7+ Ke3 90. Qf5 Re4 91. Qc5+ Kd3 92. Qd6+
Ke2 93. Qc5 Re3 94. Qf5 Rf1+ 95. Kg2 f3+ 96. Kh3 Rh1+ 97. Kg4 Rd1 98. Qc2+ Ke1
99. Qc5 Red3 100. Qe5+ Kf1 101. Qxg3 f2 102. Qh2 Rd4+ 103. Kf5 Ke2 104. Qe5+ Kf3
0-1

[Event "Mistrzostwa Polski Juniorow do lat 18 - Dziewczeta"]
[Site "Jastrzebia Gora"]
[Date "1899-12-30"]
[Round "8.3"]
[White "Kucharska, Helena"]
[Black "Hertlein, Irena"]
[Result "1/2-1/2"]
[WhiteTitle "I++"]
[BlackTitle "k"]
[WhiteElo "1779"]
[BlackElo "1994"]

1. e4 d5 2. exd5 Qxd5 3. Nf3 Bg4 4. Be2 Nc6 5. d4 O-O-O 6. c4 Qd7 7. d5 Bxf3 8.
Bxf3 Ne5 9. O-O Nf6 10. Nc3 e6 11. Bf4 Bd6 12. Nb5 Nxf3+ 13. Qxf3 Bxf4 14. Nxa7+
Kb8 15. Nc6+ bxc6 16. Qb3+ Kc8 17. Qa4 Kb8 18. Qb4+ Kc8 19. Qa4 Kb8 20. Qb4+ Kc8
21. Qa4 Bxh2+ 22. Kh1 Kb8 23. Qb4+ Kc8 24. Qa4 Kb8 25. Qb4+ Kc8 26. Qa4 Kb8 1/2-1/2

[Event "Mistrzostwa Polski Juniorow do lat 18 - Dziewczeta"]
[Site "Jastrzebia Gora"]
[Date "1899-12-30"]
[Round "8.4"]
[White "Bugaj, Hanna"]
[Black "Bukala, Weronika"]
[Result "1/2-1/2"]
[WhiteTitle "I++"]
[BlackTitle "k"]
[WhiteElo "1639"]
[BlackElo "1899"]

1. d4 Nf6 2. Nf3 g6 3. Nbd2 d5 4. b4 a5 5. b5 Bg7 6. e3 Bf5 7. Bd3 Bxd3 8. cxd3
a4 9. Ba3 O-O 10. O-O Re8 11. Qc2 Nfd7 12. Rfc1 c6 13. Rab1 Qc7 14. Rb4 Nb6 15.
Ne5 f6 16. Qb2 fxe5 17. bxc6 Ra6 18. Rb1 exd4 19. exd4 Nxc6 20. Rxb6 Rxb6 21.
Qxb6 Qxb6 22. Rxb6 Nxd4 23. Rxb7 Rc8 24. Rb1 Rc2 25. Nf3 Nxf3+ 26. gxf3 Rxa2 27.
Bxe7 Rb2 28. Rc1 Bd4 29. Bc5 Bxc5 30. Rxc5 a3 31. Ra5 a2 32. Kg2 Kg7 33. Ra6 Kh6
34. f4 Kh5 35. Kg3 Rd2 36. f3 Kh6 37. f5 Kg7 38. f6+ Kf7 39. h4 Rxd3 40. Rxa2
Kxf6 41. Ra7 h5 42. Rd7 Rd1 43. Kf4 Ke6 44. Rd8 Rg1 45. Ra8 Kd6 46. Rd8+ Kc6 47.
Ke5 g5 48. Rd6+ Kc7 49. Rxd5 gxh4 50. Kf4 Rb1 51. Rxh5 Kd6 52. Rxh4 Ke6 53. Rh6+
Kf7 54. Ra6 Rb5 55. Ke4 1/2-1/2

[Event "Mistrzostwa Polski Juniorow do lat 18 - Dziewczeta"]
[Site "Jastrzebia Gora"]
[Date "1899-12-30"]
[Round "8.5"]
[White "Nowak, Roksana"]
[Black "Arciszewska, Zuzanna"]
[Result "1-0"]
[WhiteTitle "I++"]
[BlackTitle "I++"]
[WhiteElo "1816"]
[BlackElo "1750"]

1. e4 e5 2. Nf3 Nc6 3. Bb5 a6 4. Ba4 Nf6 5. O-O b5 6. Bb3 Bc5 7. c3 d6 8. d4 Bb6
9. a4 Rb8 10. Qd3 Bd7 11. d5 Ne7 12. Bg5 Ng6 13. Nh4 h6 14. Nxg6 fxg6 15. Be3
O-O 16. Bxb6 Rxb6 17. a5 Rb8 18. f4 exf4 19. Rxf4 Qe7 20. Nd2 g5 21. Rff1 Ng4
22. Nf3 Rbe8 23. Rae1 Ne5 24. Qd4 Bg4 25. Nxe5 Rxf1+ 26. Rxf1 Qxe5 27. Qf2 Bh5
28. Bc2 Bg6 29. Re1 Qf4 30. Qxf4 gxf4 31. Bd3 Bf7 32. Kf2 g5 33. c4 bxc4 34. Bxc4
Rb8 35. b3 Be8 36. e5 Bb5 37. exd6 cxd6 38. Re6 Kf7 39. Rxd6 Bxc4 40. bxc4 g4
41. Rb6 Rc8 42. Rb4 Rc5 43. Ra4 Kf6 44. Ke2 Kf5 45. Kd3 Rc8 46. Ra2 f3 47. Rd2
Ke5 48. gxf3 gxf3 49. Ke3 Kd6 50. Kd4 Rg8 51. c5+ Kc7 52. Ke3 Rf8 53. Rf2 Rf5
54. Ke4 Rh5 55. Rxf3 Rxh2 56. Rf7+ Kd8 57. Ke5 Rg2 58. c6 h5 59. Rh7 Rg5+ 60.
Kd6 1-0

[Event "Mistrzostwa Polski Juniorow do lat 18 - Dziewczeta"]
[Site "Jastrzebia Gora"]
[Date "1899-12-30"]
[Round "8.6"]
[White "Barwinska, Ewa"]
[Black "Bialek, Alicja"]
[Result "1-0"]
[WhiteTitle "WCM"]
[BlackTitle "I"]
[WhiteElo "1963"]
[BlackElo "1576"]

1. d4 d5 2. Nc3 c5 3. e4 dxe4 4. d5 f5 5. Bf4 a6 6. a4 Nf6 7. Bc4 e6 8. Nge2 exd5
9. Nxd5 Nxd5 10. Bxd5 Nd7 11. c3 Be7 12. Qb3 Qb6 13. Qa2 Rf8 14. a5 Qf6 15. O-O-O
Ne5 16. Bxe5 Qxe5 17. f3 Bg5+ 18. Kb1 Rf6 19. Qc4 exf3 20. Bxf3 Rb8 21. Rhe1 Be6
22. Qa4+ Kf8 23. Nd4 Qxh2 24. Nxe6+ 1-0

[Event "Mistrzostwa Polski Juniorow do lat 18 - Dziewczeta"]
[Site "Jastrzebia Gora"]
[Date "1899-12-30"]
[Round "9.1"]
[White "Starosta, Martyna"]
[Black "Nowak, Roksana"]
[Result "1-0"]
[WhiteTitle "WFM"]
[BlackTitle "I++"]
[WhiteElo "2138"]
[BlackElo "1816"]

1. d4 Nf6 2. c4 c5 3. d5 b5 4. cxb5 a6 5. e3 g6 6. Nc3 d6 7. a4 Bg7 8. e4 O-O 9.
Nf3 axb5 10. Bxb5 Ba6 11. Bxa6 Nxa6 12. O-O Qb6 13. Nd2 Nd7 14. Nb5 Ne5 15. Qe2
Nc7 16. Nxc7 Qxc7 17. f4 Nd7 18. Ra2 Rfb8 19. b3 Nb6 20. Rc2 Qb7 21. Rf3 Rc8 22.
Nc4 Nxc4 23. Rxc4 Qa6 24. Qc2 Rab8 25. Bd2 e6 26. Bc3 exd5 27. exd5 Qb7 28. Bxg7
Kxg7 29. Qd2 f5 30. Re3 Re8 31. Rcc3 Qb4 32. Rxe8 Rxe8 33. Rd3 Qxd2 34. Rxd2 Rb8
35. Rd3 Rb4 36. g3 Kf7 37. Kf2 Ke7 38. Ke2 Kd7 39. Kd2 c4 40. bxc4 Rxc4 41. Ra3
Rc5 42. a5 Rxd5+ 43. Ke3 Kc7 44. a6 Kb8 45. Rd3 Rc5 46. Rxd6 Rc7 47. Kd4 Rc2 48.
Rd8+ Kc7 49. Rh8 Kb6 50. Rxh7 Kxa6 51. Rh6 Kb7 52. h4 Rc6 53. h5 1-0

[Event "Mistrzostwa Polski Juniorow do lat 18 - Dziewczeta"]
[Site "Jastrzebia Gora"]
[Date "1899-12-30"]
[Round "9.2"]
[White "Goraj, Barbara"]
[Black "Kucharska, Helena"]
[Result "1-0"]
[WhiteTitle "WCM"]
[BlackTitle "I++"]
[WhiteElo "2130"]
[BlackElo "1779"]

1. c4 e5 2. Nc3 Nf6 3. Nf3 Nc6 4. d3 Bb4 5. a3 Bxc3+ 6. bxc3 h6 7. e4 O-O 8. h3
Rb8 9. a4 a6 10. Rb1 d6 11. g4 Nh7 12. Rg1 Ng5 13. Nxg5 hxg5 14. h4 gxh4 15. g5
g6 16. Rh1 f5 17. gxf6 Qxf6 18. Be3 Nd8 19. Kd2 Ne6 20. Qg4 Nd4 21. Qg2 Nf3+ 22.
Kc2 Bd7 23. Be2 h3 24. Qg3 Kg7 25. a5 b5 26. axb6 cxb6 27. Bxb6 Ba4+ 28. Kc1 h2
29. Be3 Rxb1+ 30. Kxb1 Qf7 31. Bxf3 Qb7+ 32. Kc1 Qb3 33. Kd2 Qa2+ 34. Ke1 Rb8
35. Kf1 Qb1+ 36. Kg2 Qxd3 37. Qxh2 Kf7 38. Qh7+ Kf6 39. Bg5+ Ke6 40. Qe7# 1-0

[Event "Mistrzostwa Polski Juniorow do lat 18 - Dziewczeta"]
[Site "Jastrzebia Gora"]
[Date "1899-12-30"]
[Round "9.3"]
[White "Hertlein, Irena"]
[Black "Skolska, Emilia"]
[Result "1-0"]
[WhiteTitle "k"]
[BlackTitle "I++"]
[WhiteElo "1994"]
[BlackElo "1586"]

1. e4 e5 2. Nf3 Nc6 3. Bb5 f5 4. d3 fxe4 5. dxe4 Nf6 6. O-O Bc5 7. Nc3 d6 8. Bg5
O-O 9. Bc4+ Kh8 10. Nd5 Na5 11. Be2 Be6 12. c3 Nc6 13. b4 Bb6 14. Bxf6 gxf6 15.
Bc4 Qd7 16. Nh4 Rae8 17. Qh5 Qg7 18. Nf5 Qg6 19. Qh3 Bxf5 20. exf5 Qg5 21. a4
a5 22. b5 Ne7 23. Nxb6 cxb6 24. Be6 Rd8 25. Rad1 Rg8 26. Bxg8 Kxg8 27. Qg3 Nxf5
28. Qxg5+ fxg5 29. Rd3 Kf7 30. Rfd1 Ke6 31. Rh3 Rd7 32. Rh5 Kf6 33. g4 Nh4 34.
Rh6+ Ng6 35. Rd3 Kg7 36. Rdh3 Nh4 37. Rh5 h6 38. Kf1 d5 39. R3xh4 gxh4 40. Rxe5
Kf6 41. Rf5+ Kg6 42. Rf4 Rc7 43. Rd4 Rxc3 44. Rxd5 Rc4 45. h3 Rxa4 46. Rd6+ Kg5
47. Rxb6 Ra3 48. Kg2 Rb3 49. Rxb7 h5 50. gxh5 Kxh5 51. b6 a4 52. Ra7 Rxb6 53.
Ra5+ Kh6 54. Rxa4 Kh5 55. Ra5+ Kh6 56. Kf3 Rb4 57. Rf5 Rb2 58. Kg4 Kg6 59. Rf4
Rb5 60. Kxh4 Rd5 61. Ra4 Rd2 62. f3 Kf5 63. Kg3 Rd3 64. Ra5+ Kg6 65. Kg4 Rd4+
66. f4 Rd1 67. Ra6+ Kf7 68. h4 1-0

[Event "Mistrzostwa Polski Juniorow do lat 18 - Dziewczeta"]
[Site "Jastrzebia Gora"]
[Date "1899-12-30"]
[Round "9.4"]
[White "Bukala, Weronika"]
[Black "Zabrzanska, Weronika"]
[Result "1/2-1/2"]
[WhiteTitle "k"]
[BlackTitle "WFM"]
[WhiteElo "1899"]
[BlackElo "2021"]

1. e4 e5 2. Nf3 Nc6 3. Bb5 a6 4. Ba4 Nf6 5. O-O b5 6. Bb3 Bc5 7. Nxe5 Nxe5 8. d4
Bxd4 9. Qxd4 d6 10. a4 Bb7 11. f4 c5 12. Qe3 Neg4 13. Qe2 c4 14. e5 dxe5 15. Kh1
Qb6 16. Nc3 e4 17. Ba2 Qc5 18. Nd1 Rd8 19. Ne3 Qh5 20. h3 Nxe3 21. Qxe3 Rd1 22.
Qg1 Rxf1 23. Qxf1 e3 24. Kg1 e2 25. Qf2 O-O 26. Be3 Rd8 27. Bd4 Qg6 28. c3 Re8
29. Re1 Qc2 30. Bb1 Qd2 31. Be5 Rd8 32. Rxe2 Qc1+ 33. Re1 Rd1 34. Rxd1 Qxd1+ 35.
Kh2 Qxb1 36. Qb6 h6 37. Qxb7 bxa4 38. Qxa6 Qxb2 39. Qxa4 Qe2 40. Qc6 Qe4 1/2-1/2